What's That Dutch Compound Word? - Statistics

General Stats
  • This quiz has been taken 28,502 times
    27,940 since last reset
  • The average score is 16 of 20
Answer Stats
Dutch word Literal translation Actual translation % Correct
Tandarts Tooth doctor Dentist
97%
Handschoenen Hand shoes Gloves
96%
Stofzuiger Dust sucker Vacuum
94%
Ziekenhuis Sick house Hospital
92%
Zaklamp Pocket lamp Flashlight
90%
Vliegtuig Fly thing Airplane
89%
Rekenmachine Arithmetic machine Calculator
87%
Koelkast Cool closet Refrigerator
87%
Woordenboek Words book Dictionary
86%
Hoofdkussen Head cushion Pillow
85%
Ziekenauto Sick car Ambulance
82%
Inktvis Ink fish Squid
81%
Aardappel Earth apple Potato
78%
Tandvlees Tooth flesh Gums
77%
Zeehond Sea dog Seal
75%
Pindakaas Peanut cheese Peanut butter
71%
Schildpad Shield toad Turtle
64%
Nijlpaard Nile horse Hippopotamus
55%
Neushoorn Nose horn Rhinoceros
44%
Piepschuim Squeak foam Styrofoam
25%
No matching quizzes found
Score Distribution
Percent of People with Each Score
Percentile by Number Answered
Your Score History
You have not taken this quiz since the last reset